Thơ Nguyễn Đình Thi trong hành trình thơ hiện đại Việt Nam

Nguyễn Đình Thi - cuộc đời và quan niệm nghệ thuật. Cái tôi trữ tình giàu jbản sắc - một đóng góp nổi bật của thơ Nguyễn Đình Thi. Những cách tân nghệ thuật

Đã lưu trong:
Chi tiết về thư mục
Tác giả chính: Nguyễn Thị Trọng Tín
Tác giả khác: Phan Ngọc Thu TS (Hướng dẫn)
Định dạng: Sách
Ngôn ngữ:Vietnamese
Được phát hành: Đà Nẵng Đại học Đà Nẵng 2011
Những chủ đề:
Các nhãn: Thêm thẻ
Không có thẻ, Là người đầu tiên thẻ bản ghi này!
Thư viện lưu trữ: Mạng thư viện Đại học Đà Nẵng
LEADER 01661nam a2200361 4500
001 000010641
003 6848
005 20111216081243.0
008 111216s2011 viesd
041 |a vie 
072 |a Luận văn Thạc sĩ khoa học xã hội và nhân văn 
082 |a 895.9221  |b NG-T 
100 1 |a Nguyễn Thị Trọng Tín 
245 1 |a Thơ Nguyễn Đình Thi trong hành trình thơ hiện đại Việt Nam  |c Nguyễn Thị Trọng Tín 
260 |a Đà Nẵng  |b Đại học Đà Nẵng  |c 2011 
300 |a 99 tr  |c 29 cm  |e 1 tóm tắt, 1 đĩa CD 
500 |a Luận văn Thạc sĩ Khoa học xã hội và nhân văn. Chuyên ngành: Văn học Việt Nam. Mã số: 60.22.34 
520 |a Nguyễn Đình Thi - cuộc đời và quan niệm nghệ thuật. Cái tôi trữ tình giàu jbản sắc - một đóng góp nổi bật của thơ Nguyễn Đình Thi. Những cách tân nghệ thuật 
653 |a Cuộc đời của người trí thức sớm giác ngộ 
653 |a Luận văn Thạc sĩ Văn học Việt Nam 
653 |a Nguyễn Đình Thi 
653 |a Văn học 
700 1 |a Phan Ngọc Thu  |c TS  |e Hướng dẫn 
OWN |a LSP 
AVA |a UDN50  |b LSP  |d 895.9221 NG-T  |e available  |t Error 5001 Not defined in file expand_doc_bib_avail.  |f 1  |g 0  |h N  |i 0  |k 1 
999 |a From the UDN01 
AVA |a UDN50  |b LSP  |d 895.9221 NG-T  |e available  |t Error 5001 Not defined in file expand_doc_bib_avail.  |f 1  |g 0  |h N  |i 0  |k 1 
TYP |a Monograph 
TYP |a Printed language 
980 |a Mạng thư viện Đại học Đà Nẵng